Ekstraklasa 2020/2021 - Statystyki

Ogólne statystyki
  • Ten quiz został rozwiązany 16 razy
  • Średni wynik to 14 z 16
Statystyki odpowiedzi
Miejsce w tabeli Punkty Drużyna % Poprawnych
1 64 Legia Warszawa
100%
13 33 Wisła Kraków
100%
10 37 Górnik Zabrze
92%
9 37 Jagiellonia Białystok
92%
7 42 Lechia Gdańsk
92%
11 37 Lech Poznań
92%
3 52 Pogoń Szczecin
92%
2 59 Raków Częstochowa
92%
4 43 Śląsk Wrocław
92%
8 41 Zagłębie Lubin
92%
6 42 Piast Gliwice
85%
12 33 Wisła Płock
85%
14 32 Cracovia
77%
15 29 Stal Mielec
77%
5 43 Warta Poznań
77%
16 25 Podbeskidzie Bielsko-Biała
62%
Nie znaleziono quizów pasujących do podanych kryteriów
Rozkład punktacji
Procent ludzi z każdym wynikiem
Percentyl według liczby udzielonych odpowiedzi
Twoja historia wyników
Nie rozwiązałeś tego quizu